Vybrané aspekty rozhodovania z pohľadu teórie rozhodovania
Analýza vybraných aspektov manažérskeho rozhodovania z pohľadu teórie manažmentu. Prehľad názorov na danú problematiku s cieľom vytvoriť syntézu poznatkov v podobe charakteristiky jednotlivých tendencií ich výhod na jednej strane, ako aj poukázania na nevýhody na strane druhej.
Enregistré dans:
| Auteur principal: | |
|---|---|
| Autres auteurs: | |
| Format: | Chapitre de livre |
| Langue: | slovaque |
| Sujets: | |
| Tags: |
Pas de tags, Soyez le premier à ajouter un tag!
|
MARC
| LEADER | 00000naa a2200000 4500 | ||
|---|---|---|---|
| 001 | 0149590 | ||
| 005 | 20240502072704.8 | ||
| 041 | 0 | |a slo | |
| 044 | |a SK | ||
| 245 | 1 | 0 | |a Vybrané aspekty rozhodovania z pohľadu teórie rozhodovania |c Nadežda Jankelová, Ľuboslav Szabo |
| 520 | |a Analýza vybraných aspektov manažérskeho rozhodovania z pohľadu teórie manažmentu. Prehľad názorov na danú problematiku s cieľom vytvoriť syntézu poznatkov v podobe charakteristiky jednotlivých tendencií ich výhod na jednej strane, ako aj poukázania na nevýhody na strane druhej. | ||
| 610 | 2 | 0 | |a rozhodovanie manažérske |
| 610 | 2 | 0 | |a psychológia |
| 610 | 2 | 0 | |a sociológia |
| 610 | 2 | 0 | |a teórie ekonomické |
| 610 | 2 | 0 | |a racionalita ekonomická |
| 100 | 1 | |a Jankelová, Nadežda, 1966- | |
| 700 | 1 | |a Szabo, Ľuboslav | |